| 000 | 01761cam a22004454i 4500 | ||
|---|---|---|---|
| 003 | PE-LiUPU | ||
| 005 | 20250731165415.0 | ||
| 008 | 151127s2008 pe grm 000 0 spa d | ||
| 035 | _a(Sirsi) a155281 | ||
| 040 |
_aPE-LiUPU _bspa _cPE-LiUPU _erda |
||
| 099 |
_aSP 3 _bG96 2008 |
||
| 100 | 1 |
_aGutiérrez Chávez, Edwina Jane _eautor |
|
| 245 | 1 |
_aEfectividad del programa educativo 'Mejorando tu salud' para el cambio de actitudes de las madres hacia el control al niño sano, en el Distrito de Yurimaguas, Loreto, Perú, 2006 / _cEdwina Jane Gutiérrez Chávez. |
|
| 264 | 0 | _c2008. | |
| 300 |
_a80 hojas _c31 cm |
||
| 336 |
_atext _2rdacontent |
||
| 337 |
_aunmediated _2rdamedia |
||
| 338 |
_avolume _2rdacarrier |
||
| 502 |
_aTesis _b(Mg.) -- _cUniversidad Peruana Unión, _d2008. |
||
| 504 | _aIncluye referencias | ||
| 520 | 3 | _aDeterminar el impacto del programa "Mejorando tu salud" en las percepciones y en las actitudes de las madres hacia el control de niño sano, en el distrito de Yurimaguas, Loreto, Perú. La muestra esta constituida por 50 madres quienes asistieron al establecimiento de salud para el control de sus bebes. Los instrumentos para la recolección de los datos fueron el pre-test y el pos-test. | |
| 526 | _aSEG44 | ||
| 526 | _aSEG26 | ||
| 526 | _aP151 | ||
| 526 | _aP150 | ||
| 526 | _aP149 | ||
| 526 | _aP146 | ||
| 526 | _aP145 | ||
| 526 | _aP126 | ||
| 526 | _aP125 | ||
| 526 | _aP92 | ||
| 526 | _aP75 | ||
| 526 | _aP74 | ||
| 526 | _aP27 | ||
| 526 | _aP15 | ||
| 650 | 0 | 4 |
_aMadres _xSalud. |
| 596 | _a1 | ||
| 942 |
_2ddc _cTESIS |
||
| 999 |
_aSP 3 G96 2008 _wALPHANUM _c7961 _iT01062 _lCCODEBUL3 _mBUL _r1 _sY _tTESIS _u2015-11-27 _xPOSGRADO _PP82 _o.STAFF. Tesis _d7961 |
||
| 980 |
_81 _gALBERTO SANCHEZ Responsable de Automatización |
||